Kultúrny rozvoj Slovenska v socialistickom Československu : (vedecký zborník s medzinárodnou účasťou) : 15.-16.októbra 1985 v Bratislave /

Další autoři: Čičilla, Martin
Jazyk: Slovenština
Vydáno: Bratislava : Výskumný ústav kultúry, 1986
Témata:
Fyzický popis: 207 s.
Language note: Německé a ruské resumé
Knihy
Uloženo v:
LEADER 00969nam a22002412a 4500
001 000279526
003 CZ BrMZK
005 20070112120406.0
007 ta
008 980107s1986 xo f slo d
040 |a BOA001  |b cze 
041 1 |a slo  |b ger  |b rus 
080 9 |a 930.85(437.6) 
245 0 0 |a Kultúrny rozvoj Slovenska v socialistickom Československu :  |b (vedecký zborník s medzinárodnou účasťou) : 15.-16.októbra 1985 v Bratislave /  |c zostavil M. Čičilla 
260 |a Bratislava :  |b Výskumný ústav kultúry,  |c 1986 
300 |a 207 s. 
546 |a Německé a ruské resumé 
700 1 |a Čičilla, Martin  |7 mzk2009544121  |4 com 
910 |a BOA001  |b PK-0104.613  |b 2-0923.391 
964 |a Kultura - rozvoj - Slovensko - r.1981-1985 
990 |a BK 
996 7 |b 2619333812  |c 2-0923.391  |l MZK  |r Sklad / do 1 hodiny  |n 0  |w 000279526  |u 000020  |a 1  |e BOA001  |j MZK50  |s A 
996 7 |b 3119919349  |c PK-0104.613  |l MZK  |r Sklad / do 1 hodiny  |n 0  |w 000279526  |u 000010  |a 1  |e BOA001  |j MZK50  |s A